V rámci obchodu pribudnú spojenectvá
V obchodnom priestore SR sa približne 20 zoskupení obchodných spoločností prezentuje ako obchodné, či nákupné aliancie. Najviac aliancií je v segmente predaja potravín. Dajú sa predpokladať tendencie fúzií. Autorita zoskupení rastie.
Saved in:
| Main Author: | |
|---|---|
| Format: | Book Chapter |
| Language: | Slovak |
| Subjects: | |
| Tags: |
No Tags, Be the first to tag this record!
|
MARC
| LEADER | 00000naa a2200000 4500 | ||
|---|---|---|---|
| 001 | 0152645 | ||
| 005 | 20231010141258.0 | ||
| 041 | 0 | |a slo | |
| 044 | |a SK | ||
| 245 | 1 | 0 | |a V rámci obchodu pribudnú spojenectvá |c Ľubomír Drahovský |
| 520 | |a V obchodnom priestore SR sa približne 20 zoskupení obchodných spoločností prezentuje ako obchodné, či nákupné aliancie. Najviac aliancií je v segmente predaja potravín. Dajú sa predpokladať tendencie fúzií. Autorita zoskupení rastie. | ||
| 610 | 2 | 0 | |a obchod |
| 610 | 2 | 0 | |a Slovensko |
| 610 | 2 | 0 | |a fúzie |
| 100 | 1 | |a Drahovský, Ľubomír | |